header

College algebra and trigonometry plus / (Record no. 256466)

MARC details
000 -LEADER
fixed length control field 00864pam a2200265 a 4500
001 - CONTROL NUMBER
control field 3014820
003 - CONTROL NUMBER IDENTIFIER
control field OSt
005 - DATE AND TIME OF LATEST TRANSACTION
control field 20170530105530.0
008 - FIXED-LENGTH DATA ELEMENTS--GENERAL INFORMATION
fixed length control field 940719s1995 mnuab 001 0 eng
010 ## - LIBRARY OF CONGRESS CONTROL NUMBER
LC control number 94022907
020 ## - INTERNATIONAL STANDARD BOOK NUMBER
International Standard Book Number 031404227X (alk. paper)
040 ## - CATALOGING SOURCE
Original cataloging agency DLC
Transcribing agency DLC
Modifying agency DLC
050 00 - LIBRARY OF CONGRESS CALL NUMBER
Classification number QA154.2
Item number .F46 1995
082 00 - DEWEY DECIMAL CLASSIFICATION NUMBER
Classification number 512/.13
Edition number 20
100 1# - MAIN ENTRY--PERSONAL NAME
Personal name Ferguson, Ronald D.
245 10 - TITLE STATEMENT
Title College algebra and trigonometry plus /
Statement of responsibility, etc Ronald D. Ferguson.
260 ## - PUBLICATION, DISTRIBUTION, ETC. (IMPRINT)
Place of publication, distribution, etc Minneapolis/St. Paul :
Name of publisher, distributor, etc West Pub. Co.,
Date of publication, distribution, etc c1995.
300 ## - PHYSICAL DESCRIPTION
Extent xxxii, 831, I-8 p. :
Other physical details ill. (some col.), col. map ;
Dimensions 27 cm.
500 ## - GENERAL NOTE
General note Includes index.
650 00 - SUBJECT ADDED ENTRY--TOPICAL TERM
Topical term or geographic name as entry element Algebra.
Topical term or geographic name as entry element Trigonometry.
906 ## - LOCAL DATA ELEMENT F, LDF (RLIN)
a 7
b cbc
c orignew
d 1
e ocip
f 19
g y-gencatlg
942 ## - ADDED ENTRY ELEMENTS (KOHA)
Source of classification or shelving scheme Library of Congress Classification
Koha item type Long Loan Books
Holdings
Withdrawn status Lost status Source of classification or shelving scheme Damaged status Not for loan Collection code Home library Current library Shelving location Date acquired Total Checkouts Full call number Barcode Date last seen Price effective from Koha item type
    Library of Congress Classification     Non-fiction Rongo University Library Rongo University Library General Stacks 30/05/2017   QA154.2 .F46 1995 201617071X 30/05/2017 30/05/2017 Long Loan Books

© 2026 Rongo University
Contact us: librarian | system librarian | Rongo university